000 00290nam a2200109Ia 4500
008 200302s9999 xx 000 0 und d
100 _aSdam Sheppard and Nick smith
245 _aStudy skills for town and country planning
260 _bSage Publication Ltd.,
260 _c2014
300 _a238
999 _c6472
_d6472